000 00300nam a22001337a 4500
008 170511b xxu||||| |||| 00| 0 eng d
020 _a2900195332529
041 _aeng
080 _25TH
_a343.9
100 _a15
101 _aSHJ
245 _aCRIMINOLOGICAL THEORIES
_cAKERS, R.L
942 _2udc
_cBK
999 _c13259
_d13259